000 00329nam a2200133Ia 4500
008 150201s2005 xx 000 0 und d
082 _a610
_bO05D
100 _aDOYLE,DEREK
245 _aOXFORD TB OF PALLIATIVE MEDICINE
250 _a3RD
260 _bOXFORD
_aNEW YORK
_c2005
650 _aMEDICINE AND DIAGNOSIS
942 _2ddc
_cBK
999 _c871
_d871